El amor que no se apaga

Salvato in:
Dettagli Bibliografici
Autore principale: Wheat, Ed
Natura: Libro
Lingua:spagnolo
Pubblicazione: Nashville. Betania. 1984.
Soggetti:
Tags: Aggiungi Tag
Nessun Tag, puoi essere il primo ad aggiungerne!!

MARC

LEADER 00000nam a22000005a 4500
001 14767
003 CL-ChBUA
005 20120815103531.0
008 070301s1984 xxu 000 0 spa
020 |a 0881130109 
040 |a CL-ChBUA  |c CL-ChBUA 
082 0 0 |a 261.835 
090 |c 14767  |d 14767 
100 1 |a Wheat, Ed. 
245 1 0 |a El amor que no se apaga 
260 |b Betania.  |a Nashville.  |c 1984. 
300 |a 224 p.  |c 20 cm. 
504 |a Indice. 
650 4 |a MATRIMONIO. 
942 |c LIB 
952 |0 0  |1 0  |4 0  |7 0  |9 20728  |a UNACH  |b UNACH  |c 200  |d 2007-03-05  |i 34.279.  |l 3  |m 2  |o 261.835 / W 556.  |p 21727  |r 2017-06-14 00:00:00  |s 2015-09-30  |u 20728  |w 2012-08-08  |y LIB  |k 261.835 / W 556. 
999 |c 14767  |d 14767